[Event "Piemonte-ch 06"]
[Site "Turin"]
[Date "2005.12.08"]
[Round "7"]
[White "Giacometto, Mario"]
[Black "Giusiano, Marco"]
[Result "1-0"]
[WhiteElo "1992"]
[BlackElo "2038"]
[PlyCount "52"]
[EventDate "2005.12.03"]
[EventType "swiss"]
[EventRounds "7"]
[EventCountry "ITA"]
[SourceTitle "EXT 2008"]
[Source "ChessBase"]
[SourceDate "2007.11.25"]
[SourceVersion "1"]
[SourceVersionDate "2007.11.25"]
[SourceQuality "1"]

1. e4 c5 2. Nf3 d6 3. d4 cxd4 4. Nxd4 a6 5. Nc3 e6 6. Be3 Nf6 7. f3 b5 8. Qd2 Bb7 9. g4 h6 10. h4 b4 11. Nce2 Qc7 12. Bh3 Nfd7 13. g5 hxg5 14. hxg5 g6 15. 0-0-0 Ne5 16. b3 Qa5 17. Kb1 Nbc6 18. Bxe6 Rxh1 19. Rxh1 fxe6 20. Nxe6 Bc8 21. Nxf8 Kxf8 22. Qxd6+ Kg8 23. Qf6 Nf7 24. Qxc6 Rb8 25. Qe8+ Kg7 26. Bd4+ Ne5 1-0